[Event "Frankfurt Ch 2010"]
[Site "Ffm-Kalbach, LAZ"]
[Date "2010.05.31"]
[Round "5.25"]
[White "Schwenkreis, Thomas"]
[Black "Funkschmidt, Kai Michael"]
[Result "1-0"]
[WhiteElo "2092"]
[BlackElo "1821"]
[PlyCount "73"]
[EventDate "2010.??.??"]
[SourceDate "2009.03.13"]
[WhiteTeam "SC Brett vor'm Kopp Ffm"]
[BlackTeam "SC Empor Maulwurf Bonn"]

1. e4 e6 2. d3 d5 3. Nd2 b6 4. Ngf3 Ba6 5. exd5 exd5 6. Be2 Bd6 7. O-O Ne7 8.
a4 c5 9. b3 Nbc6 10. Bb2 f6 11. Re1 Qc7 12. Nf1 O-O-O 13. Rc1 h5 14. c3 Ng6 15.
b4 Nce5 16. bxc5 bxc5 17. Nxe5 Nxe5 18. Ne3 c4 19. Nxd5 Qb7 20. Nb4 cxd3 21.
Bf1 Bc4 22. Qd2 a5 23. Rxe5 Bxe5 24. Nxd3 Bxd3 25. Bxd3 Rxd3 26. Qxd3 Qxb2 27.
Rb1 Qxc3 28. Qd5 Re8 29. g3 Bd4 30. Qa8+ Kc7 31. Rb7+ Kc6 32. Rb8+ Kd6 33. Rxe8
Qa1+ 34. Kg2 Qxa4 35. Qe4 Qb4 36. Rd8+ Kc5 37. Qd5+ 1-0

[Event "Frankfurt Ch 2010"]
[Site "Ffm-Kalbach, LAZ"]
[Date "2010.05.31"]
[Round "5.26"]
[White "Reschke, Thomas"]
[Black "Kulenovic, Adnan"]
[Result "0-1"]
[WhiteElo "2184"]
[BlackElo "1799"]
[PlyCount "116"]
[EventDate "2010.??.??"]
[SourceDate "2009.03.13"]
[WhiteTeam "SC Frankfurt-West"]
[BlackTeam "SK Springer Rodenbach"]

1. g3 h6 2. Bg2 g5 3. c4 c5 4. Nc3 Bg7 5. e3 Nc6 6. Nge2 e5 7. b3 d6 8. Bb2
Nge7 9. Nd5 Nxd5 10. cxd5 Ne7 11. d4 cxd4 12. exd4 Ng6 13. O-O O-O 14. dxe5
Nxe5 15. Qd2 Qf6 16. Kh1 Qg6 17. f4 Qd3 18. Qe1 Ng4 19. Rd1 Qg6 20. Nd4 Qh5 21.
h3 Nf6 22. fxg5 Qxg5 23. Qf2 Qh5 24. Nf5 Bxf5 25. Qxf5 Qxf5 26. Rxf5 Nd7 27.
Ba3 Be5 28. Bf1 a6 29. Bd3 Nf6 30. Bxd6 Bxd6 31. Rxf6 Rad8 32. Rxh6 Rfe8 33.
Rh4 Re3 34. Rg4+ Kf8 35. Kg2 Rc8 36. Kf2 Re5 37. Bh7 Rc3 38. Rc4 Rxg3 39. Kxg3
Rxd5+ 40. Kf3 Rxd1 41. Be4 b6 42. h4 Rd2 43. a4 a5 44. h5 Kg7 45. Rc6 f6 46.
Ke3 Bb4 47. Rc7+ Kh6 48. Rh7+ Kg5 49. Bf3 Rb2 50. Rg7+ Kf5 51. Bd5 Rh2 52. Bf7
Ke5 53. Kf3 f5 54. Rg6 Rh3+ 55. Kg2 Rh4 56. Rxb6 Kf4 57. Rc6 Kg5 58. Rc4 f4 {
Rest unklar!} 0-1

[Event "Frankfurt Ch 2010"]
[Site "Ffm-Kalbach, LAZ"]
[Date "2010.05.31"]
[Round "5.28"]
[White "Neumann, Manfred"]
[Black "Schneider, Uwe"]
[Result "1-0"]
[WhiteElo "1761"]
[BlackElo "2011"]
[PlyCount "37"]
[EventDate "2010.??.??"]
[SourceDate "2009.03.13"]
[WhiteTeam "SC 1961 König Nied"]
[BlackTeam "SV Kinzigtal"]

1. Nf3 Nf6 2. c4 e6 3. Nc3 d5 4. d4 Be7 5. Bg5 O-O 6. e3 b6 7. cxd5 exd5 8. Bd3
Be6 9. Rc1 c5 10. Ne5 cxd4 11. exd4 Ng4 12. Bxe7 Qxe7 13. O-O Nxe5 14. dxe5 Nc6
15. f4 d4 16. Ne4 Bd5 17. Nf6+ gxf6 18. Qg4+ Kh8 19. Qf5 1-0

[Event "Frankfurt Ch 2010"]
[Site "Ffm-Kalbach, LAZ"]
[Date "2010.05.31"]
[Round "5.29"]
[White "Stadtmueller, Harald"]
[Black "Hitzer, Dieter"]
[Result "1/2-1/2"]
[WhiteElo "2163"]
[BlackElo "1799"]
[PlyCount "66"]
[EventDate "2010.??.??"]
[SourceDate "2009.03.13"]
[WhiteTeam "VSG 1880 Offenbach"]
[BlackTeam "Bad Vilbeler Sfr.1985"]

1. d4 Nf6 2. Nf3 e6 3. Bf4 c5 4. e3 Be7 5. h3 b6 6. c3 O-O 7. Nbd2 cxd4 8. exd4
Bb7 9. Bd3 d6 10. O-O Nbd7 11. Re1 Re8 12. Nc4 Qc7 13. a4 a6 14. Bg3 Bf8 15.
Qe2 Rad8 16. Ncd2 Ra8 17. Rac1 Qc6 18. Qf1 Qxa4 19. Ra1 Qc6 20. Bxa6 Bxa6 21.
Rxa6 Rxa6 22. Qxa6 Ra8 23. Qc4 Qb7 24. Qb3 d5 25. Be5 b5 26. Rc1 Qa6 27. Bxf6
gxf6 28. Qc2 Bh6 29. Re1 Nb6 30. Nb3 Nd7 31. Ra1 Qc8 32. Qd1 Rxa1 33. Nxa1 Bf8
1/2-1/2

[Event "Frankfurt Ch 2010"]
[Site "Ffm-Kalbach, LAZ"]
[Date "2010.05.31"]
[Round "5.30"]
[White "Graebner, Walter"]
[Black "Haftmann, Rainer"]
[Result "1/2-1/2"]
[WhiteElo "2053"]
[BlackElo "1881"]
[PlyCount "106"]
[EventDate "2010.??.??"]
[SourceDate "2009.03.13"]
[WhiteTeam "SC 1961 König Nied"]
[BlackTeam "SG 1945 Dietzenbach"]

1. d4 Nf6 2. c4 e6 3. g3 d5 4. Bg2 c6 5. Nf3 Nbd7 6. O-O Bd6 7. b3 O-O 8. Ba3
Bxa3 9. Nxa3 Re8 10. Qc2 Qe7 11. Qb2 e5 12. cxd5 Nxd5 13. Nc4 exd4 14. Qxd4 Qf6
15. e3 Qxd4 16. Nxd4 N7b6 17. Rac1 Nxc4 18. Rxc4 Nb6 19. Rc2 Be6 20. Nxe6 Rxe6
21. Rd1 f5 22. Rcd2 Kf7 23. h4 Rae8 24. Rd4 Re5 25. R1d2 g6 26. Bf3 Kf6 27. b4
h6 28. a4 a6 29. a5 Nc8 30. Be2 Re4 31. Bf3 Rxd4 32. Rxd4 Re7 33. Kf1 Na7 34.
Ke2 Nb5 35. Rd8 g5 36. hxg5+ hxg5 37. Rf8+ Kg7 38. Rd8 g4 39. Bg2 Kf6 40. Kd3
Ke6 41. e4 fxe4+ 42. Bxe4 Nd6 43. Rf8 Rf7 44. Rxf7 Nxf7 45. f4 gxf3 46. Bxf3
Kd6 47. Kd4 Ne5 48. Be2 Nd7 49. g4 c5+ 50. bxc5+ Nxc5 51. Bc4 Nd7 52. g5 Ke7
53. Kd5 b6 1/2-1/2

[Event "Frankfurt Ch 2010"]
[Site "Ffm-Kalbach, LAZ"]
[Date "2010.05.31"]
[Round "5.31"]
[White "Larem, Peter"]
[Black "Noblé, Alexander"]
[Result "0-1"]
[WhiteElo "1921"]
[BlackElo "2045"]
[PlyCount "100"]
[EventDate "2010.??.??"]
[SourceDate "2009.03.13"]
[WhiteTeam "SC 1950 Eppertshausen"]
[BlackTeam "SC Bad Nauheim"]

1. e4 e6 2. d4 d5 3. Nc3 Nf6 4. Bg5 Be7 5. e5 Nfd7 6. h4 Bxg5 7. hxg5 Qxg5 8.
Nh3 Qe7 9. Qg4 g6 10. Bd3 h5 11. Qg3 Nc6 12. O-O-O Nf8 13. Nf4 Nb4 14. Be2 h4
15. Qe3 c6 16. a3 Na6 17. Rh3 Nc7 18. Rdh1 b6 19. g3 Ba6 20. Bg4 O-O-O 21. gxh4
c5 22. Qf3 cxd4 23. Ncxd5 Nxd5 24. Nxd5 Qc5 25. Nb4 Bb7 26. Qxf7 Qxe5 27. Bf3
Qc7 28. Qxc7+ Kxc7 29. Bxb7 Kxb7 30. Nd3 Rd5 31. f4 Rf5 32. Kd2 Kc6 33. Ke2 Nd7
34. Kf3 a5 35. Ke4 Nc5+ 36. Nxc5 bxc5 37. Rg1 Rh6 38. Rg2 Kd6 39. Rg5 Rxg5 40.
fxg5 Rh8 41. Rh2 e5 42. Rh3 Rf8 43. Rf3 Rxf3 44. Kxf3 Kd5 45. c4+ Ke6 46. Ke4
a4 47. Kd3 Kf5 48. b4 axb3 49. a4 e4+ 50. Kd2 e3+ 0-1

[Event "Frankfurt Ch 2010"]
[Site "Ffm-Kalbach, LAZ"]
[Date "2010.05.31"]
[Round "5.32"]
[White "Henzelmann, Klaus"]
[Black "Plattner, Rolf"]
[Result "1-0"]
[WhiteElo "2101"]
[BlackElo "1925"]
[PlyCount "95"]
[EventDate "2010.??.??"]
[SourceDate "2009.03.13"]
[WhiteTeam "SK 1858 Gießen"]
[BlackTeam "SK Langen"]

1. e4 e6 2. d4 d5 3. Nd2 Nf6 4. e5 Nfd7 5. Bd3 c5 6. c3 Nc6 7. Ne2 f6 8. f4 Qb6
9. Nf3 Be7 10. exf6 Nxf6 11. O-O Bd7 12. a3 cxd4 13. cxd4 Bd6 14. b4 O-O 15.
Kh1 Qd8 16. Bd2 a6 17. Qe1 Qe8 18. Ne5 Rd8 19. Qh4 Qh5 20. Qxh5 Nxh5 21. g3 Nf6
22. Kg2 Ne7 23. Rfe1 Nc6 24. Nf3 Rde8 25. Nc3 b5 26. h3 Na7 27. Ne2 Nc8 28. Nc1
Nb6 29. Nb3 Nc4 30. Nc5 Bc8 31. Ra2 Re7 32. Bc1 Rfe8 33. Rae2 Bxc5 34. dxc5 Bb7
35. Nd4 e5 36. c6 Bc8 37. Bxc4 bxc4 38. fxe5 Ne4 39. Rc2 Rxe5 40. a4 g5 41. b5
axb5 42. axb5 h6 43. Rd1 Nc5 44. b6 R8e7 45. Ba3 Nd3 46. Bxe7 Ne1+ 47. Rxe1
Rxe1 48. Ba3 1-0

[Event "Frankfurt Ch 2010"]
[Site "Ffm-Kalbach, LAZ"]
[Date "2010.05.31"]
[Round "5.33"]
[White "Fischer, Ulrich"]
[Black "Ganjian, Mehrdad"]
[Result "0-1"]
[WhiteElo "1727"]
[BlackElo "1890"]
[PlyCount "90"]
[EventDate "2010.??.??"]
[SourceDate "2009.03.13"]
[WhiteTeam "Frankfurter TV 1860"]
[BlackTeam "Sfr. Frankfurt 1921"]

1. e4 d6 2. d4 g6 3. c4 Bg7 4. Nc3 e5 5. d5 f5 6. Bd3 Nf6 7. Nge2 Na6 8. Bg5
Nc5 9. Bc2 f4 10. b4 Ncd7 11. Ba4 O-O 12. f3 h6 13. Bh4 a6 14. Bf2 Nh5 15. c5
b5 16. Bb3 Rb8 17. cxd6 cxd6 18. Qd2 Nb6 19. O-O Rf7 20. a4 Bd7 21. axb5 axb5
22. Qd3 Nc8 23. Ra5 Qg5 24. Kh1 Be8 25. Nxb5 Rfb7 26. Bc4 Bf8 27. Rfa1 Qd8 28.
Nec3 Be7 29. Ra8 Bh4 30. Bxh4 Qxh4 31. Rxb8 Rxb8 32. Nc7 Nf6 33. b5 g5 34. Na6
Rb7 35. Nb4 g4 36. Nc6 Nb6 37. Qe2 Bd7 38. Na4 g3 39. h3 Bxh3 40. gxh3 Qxh3+
41. Kg1 Nxc4 42. Nc3 Ne3 43. Nd1 Nxd1 44. Rxd1 g2 45. Qxg2+ Rg7 0-1

[Event "Frankfurt Ch 2010"]
[Site "Ffm-Kalbach, LAZ"]
[Date "2010.05.31"]
[Round "5.35"]
[White "Lehmann, Gerit"]
[Black "Marzahn, Heiko"]
[Result "1/2-1/2"]
[WhiteElo "1486"]
[BlackElo "1984"]
[PlyCount "68"]
[EventDate "2010.??.??"]
[SourceDate "2009.03.13"]
[WhiteTeam "SC 1924 Lampertheim"]
[BlackTeam "Sfr.Erbach"]

1. d4 Nf6 2. Nf3 g6 3. e3 Bg7 4. Be2 O-O 5. O-O d6 6. b3 a5 7. Bb2 a4 8. b4 Ne4
9. Nfd2 Nxd2 10. Qxd2 c5 11. c3 Bd7 12. a3 e5 13. dxe5 dxe5 14. Rd1 Qh4 15. g3
Qe4 16. f3 Qf5 17. e4 Qh5 18. Bc1 Be6 19. Qg5 Qxg5 20. Bxg5 Nc6 21. Nd2 f5 22.
Bc4 Bxc4 23. Nxc4 fxe4 24. fxe4 Rf3 25. Be3 cxb4 26. cxb4 b5 27. Nb6 Ra6 28.
Nd5 Nd4 29. Kg2 Rf8 30. Rac1 Rb8 31. Rc7 Ne6 32. Rc2 Nd4 33. Rc7 Ne6 34. Rc2
Nd4 1/2-1/2

[Event "Frankfurt Ch 2010"]
[Site "Ffm-Kalbach, LAZ"]
[Date "2010.05.31"]
[Round "5.36"]
[White "Bastian, Holger"]
[Black "Schlößner, Henrik"]
[Result "0-1"]
[WhiteElo "1717"]
[BlackElo "2043"]
[PlyCount "74"]
[EventDate "2010.??.??"]
[SourceDate "2009.03.13"]
[WhiteTeam "SC S.-W. Schweinheim"]
[BlackTeam "SV Kinzigtal"]

1. e4 c6 2. d3 d5 3. Nd2 dxe4 4. dxe4 e5 5. Ngf3 Bc5 6. Bc4 Nf6 7. O-O b5 8.
Bb3 Qc7 9. Qe2 O-O 10. Re1 Ng4 11. Rf1 a5 12. a4 Nd7 13. axb5 cxb5 14. Bd5 Rb8
15. Nb3 Bb6 16. c4 Ba6 17. Nbd2 Ndf6 18. cxb5 Nxd5 19. bxa6 Nf4 20. Qc4 Qxc4
21. Nxc4 Ne2+ 22. Kh1 Nxf2+ 23. Rxf2 Bxf2 24. Nfxe5 Ra8 25. Bd2 Rxa6 26. Rxa5
Rxa5 27. Bxa5 f5 28. Nd7 Rc8 29. b3 fxe4 30. g3 Nd4 31. Nd6 Rc1+ 32. Kg2 e3 33.
Ne4 Rg1+ 34. Kh3 Nxb3 35. Bb6 Rd1 36. Ne5 Bg1 37. Nf3 e2 0-1

[Event "Frankfurt Ch 2010"]
[Site "Ffm-Kalbach, LAZ"]
[Date "2010.05.31"]
[Round "5.37"]
[White "Wolff, Juergen"]
[Black "Janke, Christian"]
[Result "0-1"]
[WhiteElo "1696"]
[BlackElo "1859"]
[PlyCount "42"]
[EventDate "2010.??.??"]
[SourceDate "2009.03.13"]
[WhiteTeam "SC 1933 Somborn"]
[BlackTeam "SV Spr.Siershahn"]

1. e4 d5 2. exd5 Qxd5 3. Nc3 Qa5 4. d4 c6 5. Bd2 Nf6 6. Nf3 Qc7 7. Bd3 Bg4 8.
h3 Bh5 9. g4 Bg6 10. Qe2 e6 11. O-O-O Nbd7 12. Bxg6 hxg6 13. Ne5 Nb6 14. Ne4
Nxe4 15. Qxe4 O-O-O 16. Ba5 Rd5 17. b4 Rxa5 18. bxa5 Ba3+ 19. Kb1 Nd5 20. Rd3
Qxa5 21. Rxa3 Qxa3 0-1

[Event "Frankfurt Ch 2010"]
[Site "Ffm-Kalbach, LAZ"]
[Date "2010.05.31"]
[Round "5.39"]
[White "Jordake, Michael"]
[Black "Biegel, Thomas"]
[Result "0-1"]
[WhiteElo "1643"]
[BlackElo "2021"]
[PlyCount "78"]
[EventDate "2010.??.??"]
[SourceDate "2009.03.13"]
[WhiteTeam "SC Bergen-Enkheim 1922"]
[BlackTeam "SC Eschborn 1974"]

1. e4 c6 2. Nc3 d5 3. Nf3 Bg4 4. h3 Bxf3 5. Qxf3 Nf6 6. exd5 cxd5 7. Bb5+ Nc6
8. d3 e6 9. O-O Be7 10. Ne2 O-O 11. Bxc6 bxc6 12. b3 e5 13. Bb2 Bd6 14. Rfd1
Re8 15. Ng3 Re6 16. Re1 Qc7 17. Qd1 Rae8 18. Nf5 Bf8 19. a4 g6 20. Ne3 Nh5 21.
Ng4 f5 22. Ne3 Nf4 23. d4 e4 24. Qd2 Nh5 25. Qc3 Qd7 26. Rad1 Nf6 27. Bc1 Bd6
28. Nf1 f4 29. h4 Qe7 30. Qh3 Nh5 31. g3 e3 32. fxe3 fxg3 33. e4 Rxe4 34. Rxe4
Qxe4 35. Ne3 Nf4 36. Qg4 h5 37. Qd7 Ne2+ 38. Kf1 Qf3+ 39. Ke1 Qf2+ 0-1

[Event "Frankfurt Ch 2010"]
[Site "Ffm-Kalbach, LAZ"]
[Date "2010.05.31"]
[Round "5.40"]
[White "Machowitsch, Wolf"]
[Black "Riha, Peter"]
[Result "1-0"]
[WhiteElo "1987"]
[BlackElo "1821"]
[PlyCount "51"]
[EventDate "2010.??.??"]
[SourceDate "2009.03.13"]
[WhiteTeam "SV 1934 Ffm-Griesheim"]
[BlackTeam "SC Bergen-Enkheim 1922"]

1. d4 Nf6 2. c4 g6 3. Nc3 d5 4. cxd5 Nxd5 5. e4 Nxc3 6. bxc3 Bg7 7. Be3 c5 8.
Bc4 O-O 9. Ne2 Nc6 10. O-O Qc7 11. Rc1 Rd8 12. a4 e6 13. Qd2 Qa5 14. Qb2 Qxa4
15. Bb5 Qa5 16. dxc5 Bd7 17. Bf4 Ne5 18. Nd4 Bxb5 19. Nxb5 Rd7 20. Rfd1 Rxd1+
21. Rxd1 Qa4 22. Qb1 Nc6 23. Nd6 e5 24. Be3 Rd8 25. Rd2 Na5 26. Ra2 1-0

[Event "Frankfurt Ch 2010"]
[Site "Ffm-Kalbach, LAZ"]
[Date "2010.05.31"]
[Round "5.41"]
[White "Mager, Denis"]
[Black "Machlin, Maxim"]
[Result "0-1"]
[WhiteElo "1538"]
[BlackElo "1933"]
[PlyCount "72"]
[EventDate "2010.??.??"]
[SourceDate "2009.03.13"]
[WhiteTeam "TuS Makkabi Ffm"]
[BlackTeam "SK 1858 Gießen"]

1. d4 d5 2. c4 e6 3. Nc3 c5 4. cxd5 exd5 5. dxc5 d4 6. Ne4 Bf5 7. Ng3 Bg6 8. e3
Bxc5 9. Qa4+ Nc6 10. Bb5 Rc8 11. b4 dxe3 12. fxe3 Qf6 13. bxc5 Qxa1 14. N1e2
Nge7 15. O-O Qe5 16. e4 Qxc5+ 17. Nd4 O-O 18. Be3 Qc3 19. Bf2 a6 20. Bxc6 Nxc6
21. Nde2 Qb4 22. Qxb4 Nxb4 23. a3 Nc2 24. Rc1 Rc4 25. a4 Rfc8 26. Nf5 Bxf5 27.
exf5 Rxa4 28. Bd4 Rac4 29. Bc3 Rxc3 30. Nxc3 Rxc3 31. Kf2 b5 32. Rd1 Kf8 33.
Rd6 a5 34. Rd5 Rb3 35. Rd2 Rb2 36. Ke2 Nd4+ 0-1

[Event "Frankfurt Ch 2010"]
[Site "Ffm-Kalbach, LAZ"]
[Date "2010.05.31"]
[Round "5.42"]
[White "Braunberger, Gerald"]
[Black "Wehhofer, Josef"]
[Result "1-0"]
[WhiteElo "1902"]
[BlackElo "1598"]
[PlyCount "49"]
[EventDate "2010.??.??"]
[SourceDate "2009.03.13"]
[WhiteTeam "Chess Tigers SFV"]
[BlackTeam "vereinslos"]

1. e4 e5 2. Nc3 Nf6 3. f4 exf4 4. e5 Ng8 5. Nf3 d5 6. d4 g5 7. Bd3 g4 8. O-O
gxf3 9. Qxf3 Be6 10. Bxf4 c6 11. Na4 b5 12. Nc5 Bxc5 13. dxc5 Nd7 14. Qg3 Ne7
15. b4 Ng6 16. a4 bxa4 17. Rxa4 Qc7 18. Re1 Nxf4 19. Qxf4 f6 20. Qh6 Nxe5 21.
Qxf6 Kd7 22. Qxe5 Rhe8 23. Qxc7+ Kxc7 24. Bxh7 Kb7 25. Raa1 {ZÜ} 1-0

[Event "Frankfurt Ch 2010"]
[Site "Ffm-Kalbach, LAZ"]
[Date "2010.05.31"]
[Round "5.43"]
[White "Abrahamyan, Arsen"]
[Black "Winand, Edgar"]
[Result "1-0"]
[WhiteElo "1664"]
[BlackElo "1989"]
[PlyCount "139"]
[EventDate "2010.??.??"]
[SourceDate "2009.03.13"]
[WhiteTeam "Frankfurter TV 1860"]
[BlackTeam "SC KT Oberursel"]

1. e4 d6 2. d4 g6 3. Nc3 Bg7 4. Nf3 Nf6 5. Be2 O-O 6. O-O b6 7. Be3 Bb7 8. d5
Ng4 9. Bd4 Ne5 10. Nxe5 dxe5 11. Be3 a6 12. Na4 Qe8 13. c4 e6 14. Rc1 f5 15. f3
Kh8 16. c5 exd5 17. exd5 b5 18. c6 Bc8 19. Nc5 Rf7 20. Qb3 Bf8 21. Rfd1 Bd6 22.
Nb7 Qe7 23. Nxd6 cxd6 24. Qb4 Qc7 25. Qc3 f4 26. Bf2 Bf5 27. Bd3 Kg8 28. Bxf5
Rxf5 29. Qb4 Rf7 30. a4 Kf8 31. Ra1 bxa4 32. Rxa4 a5 33. Qb6 Ra6 34. Qxc7 Rxc7
35. Rda1 Nxc6 36. dxc6 Raxc6 37. Rxa5 Rc1+ 38. Be1 Ke7 39. b4 Kd7 40. Rxc1 Rxc1
41. Kf1 h5 42. Ra7+ Ke6 43. Ke2 Rb1 44. Rg7 Kf6 45. Rg8 Kf7 46. Rd8 Ke6 47.
Re8+ Kf7 48. Rc8 Ke6 49. h3 Rb2+ 50. Bd2 Rb1 51. Rc1 Rb3 52. Kd1 Ra3 53. Rb1
Kd7 54. Kc2 Kc6 55. Bc3 Ra7 56. Kb3 g5 57. Rh1 Rg7 58. Rc1 Kb5 59. Rd1 Rg6 60.
Rd5+ Kc6 61. Kc4 g4 62. b5+ Kb6 63. Bb4 gxh3 64. gxh3 Rg3 65. Rxd6+ Kc7 66. b6+
Kb7 67. Kb5 Rg7 68. Re6 e4 69. Rxe4 Rf7 70. Re7+ 1-0

[Event "Frankfurt Ch 2010"]
[Site "Ffm-Kalbach, LAZ"]
[Date "2010.05.31"]
[Round "5.45"]
[White "Lanz, Jürgen"]
[Black "Zimmer, Gerald"]
[Result "0-1"]
[WhiteElo "1553"]
[BlackElo "1779"]
[PlyCount "60"]
[EventDate "2010.??.??"]
[SourceDate "2009.03.13"]
[WhiteTeam "SC 1979 Hattersheim"]
[BlackTeam "SC Bergen-Enkheim 1922"]

1. d4 e6 2. Nf3 Nf6 3. g3 b6 4. c4 Bb7 5. Bg2 Bb4+ 6. Bd2 Bxd2+ 7. Nbxd2 O-O 8.
O-O d6 9. Qc2 c5 10. dxc5 dxc5 11. Rfd1 Qc7 12. Nh4 Bxg2 13. Nxg2 Nc6 14. Ne4
Nxe4 15. Qxe4 Rfd8 16. e3 Nb4 17. a3 Qc6 18. Qxc6 Nxc6 19. Nf4 Ne5 20. Kf1 Nxc4
21. Nd3 f6 22. Ke2 Rac8 23. b3 Na5 24. b4 Nb3 25. Rab1 c4 26. Ke1 e5 27. b5
Rxd3 28. Rxd3 cxd3 29. Rxb3 e4 30. f3 Rc1+ 0-1

[Event "Frankfurt Ch 2010"]
[Site "Ffm-Kalbach, LAZ"]
[Date "2010.05.31"]
[Round "5.46"]
[White "Rolf, Marco"]
[Black "Genis, Roy"]
[Result "0-1"]
[WhiteElo "1479"]
[BlackElo "1947"]
[PlyCount "133"]
[EventDate "2010.??.??"]
[SourceDate "2009.03.13"]
[WhiteTeam "SK Bad Homburg 1927"]
[BlackTeam "SG 1945 Dietzenbach"]

1. e4 e5 2. f4 d5 3. exd5 e4 4. Qe2 Nf6 5. d3 Bf5 6. dxe4 Nxe4 7. Nf3 Bc5 8.
Be3 O-O 9. Bxc5 Nxc5 10. Qc4 Re8+ 11. Be2 Nbd7 12. Nc3 Bxc2 13. O-O Qe7 14.
Rae1 Qe3+ 15. Kh1 Bd3 16. Bxd3 Qxd3 17. Qxd3 Nxd3 18. Rxe8+ Rxe8 19. Nb5 Re2
20. Rb1 Rc2 21. g3 a6 22. Nfd4 Rc5 23. Nc3 Nb6 24. Nb3 Rc4 25. Na5 Rb4 26. Nxb7
Nxd5 27. Nxd5 Rxb7 28. Kg1 Kf8 29. b3 c6 30. Ne3 Re7 31. Nc4 Re2 32. Rd1 Nb2
33. Rd2 Rxd2 34. Nxd2 Nd3 35. Kf1 Ke7 36. a3 Ke6 37. Ke2 Nc5 38. b4 Nb7 39. Kd3
Kd5 40. Nb3 f5 41. h3 h5 42. h4 c5 43. bxc5 Nxc5+ 44. Nxc5 Kxc5 45. Kc3 a5 46.
Kb3 Kb5 47. Kc2 Kc4 48. Kb2 a4 49. Kc2 g6 50. Kd2 Kb3 51. Kd3 Kxa3 52. Kc3 Ka2
53. Kc2 Ka3 54. Kc3 Ka2 55. Kc2 Ka1 56. Kc1 a3 57. Kc2 Ka2 58. Kc1 Kb3 59. Kb1
Kc3 60. Ka2 Kd3 61. Kxa3 Ke3 62. Kb3 Kf3 63. Kc3 Kxg3 64. Kd3 Kxf4 65. Ke2 Kg4
66. Kf2 Kxh4 67. Kf3 0-1

[Event "Frankfurt Ch 2010"]
[Site "Ffm-Kalbach, LAZ"]
[Date "2010.05.31"]
[Round "5.48"]
[White "Slobodetski, Oleg"]
[Black "Weber, Andreas"]
[Result "0-1"]
[WhiteElo "1287"]
[BlackElo "1895"]
[PlyCount "88"]
[EventDate "2010.??.??"]
[SourceDate "2009.03.13"]
[WhiteTeam "SV KS 1929 Großauheim"]
[BlackTeam "Sfr. Frankfurt 1921"]

1. e4 e5 2. Nf3 f5 3. Nxe5 Qf6 4. Nc4 fxe4 5. Nc3 Qf7 6. Ne3 c6 7. d3 exd3 8.
Bxd3 d5 9. O-O Be6 10. Re1 Be7 11. Ng4 Nd7 12. Qe2 Bxg4 13. Qxg4 O-O-O 14. Bg5
h5 15. Qh4 Bxg5 16. Qxg5 Qf6 17. Qd2 h4 18. h3 g5 19. f3 Qd4+ 20. Re3 Ngf6 21.
Rae1 Nh5 22. a4 Nf4 23. b3 Qc5 24. Ne2 Rhe8 25. Nc1 Ne5 26. Bf5+ Kb8 27. Kh1 d4
28. Re4 Nxf3 29. gxf3 Qxf5 30. Rxe8 Qxh3+ 31. Qh2 Qxf3+ 32. Kg1 Kc8 33. Qd2
Nh3+ 34. Kh2 Qg3+ 35. Kh1 Nf2+ 36. Qxf2 Qxf2 37. R8e2 Qf3+ 38. Kg1 h3 39. Rf1
Qg3+ 40. Kh1 g4 41. Nd3 Qd6 42. Re5 g3 43. Rfe1 Qf6 44. R1e2 Qf1# 0-1

[Event "Frankfurt Ch 2010"]
[Site "Ffm-Kalbach, LAZ"]
[Date "2010.05.31"]
[Round "5.49"]
[White "Seickel, Ralf"]
[Black "Wöhl, Torsten"]
[Result "1-0"]
[WhiteElo "1720"]
[BlackElo "1216"]
[PlyCount "39"]
[EventDate "2010.??.??"]
[SourceDate "2009.03.13"]
[WhiteTeam "vereinslos"]
[BlackTeam "SC Groß-Zimmern"]

1. e4 e5 2. Nf3 Nc6 3. Bb5 Nf6 4. O-O Bc5 5. c3 O-O 6. d4 exd4 7. cxd4 Bb6 8.
d5 a6 9. Ba4 Ne7 10. Nc3 Ba5 11. Bc2 h6 12. d6 cxd6 13. Bf4 Ne8 14. Nd4 Ng6 15.
Bg3 Qf6 16. Nd5 Qg5 17. b4 Bxb4 18. f4 Nxf4 19. Bxf4 Qd8 20. Nxb4 1-0

[Event "Frankfurt Ch 2010"]
[Site "Ffm-Kalbach, LAZ"]
[Date "2010.05.31"]
[Round "5.50"]
[White "Schwabe, Michael"]
[Black "Seifert, Norbert"]
[Result "1/2-1/2"]
[WhiteElo "1896"]
[BlackElo "2054"]
[PlyCount "89"]
[EventDate "2010.??.??"]
[SourceDate "2009.03.13"]
[WhiteTeam "Chess Tigers SFV"]
[BlackTeam "Sfr. Neuberg"]

1. d4 Nf6 2. Nf3 b6 3. g3 Bb7 4. Bg2 e6 5. c4 Bb4+ 6. Bd2 Bxd2+ 7. Nbxd2 O-O 8.
Qc2 Na6 9. O-O c5 10. e3 Qe7 11. dxc5 Nxc5 12. b4 Nce4 13. a3 Rfc8 14. Qb2 Rc7
15. Rfc1 Rac8 16. Rc2 Ba6 17. Rac1 d6 18. Qb3 Qe8 19. Bf1 Bb7 20. Bg2 Ng4 21.
Nxe4 Bxe4 22. Rc3 Nf6 23. Nd2 Bxg2 24. Kxg2 Qc6+ 25. Kg1 Qb7 26. Qd1 b5 27. c5
dxc5 28. bxc5 Qd5 29. Qc2 Kf8 30. Nb3 Nd7 31. Rd1 Qh5 32. Qd2 Ne5 33. Qd6+ Ke8
34. c6 Nc4 35. Qd4 a6 36. Rcd3 Rxc6 37. Qxg7 Ne5 38. Rd8+ Ke7 39. Qf8+ Kf6 40.
Qh8+ Ke7 41. Qf8+ Kf6 42. Qh8+ Kg6 43. Qg8+ Kf5 44. e4+ Kf6 45. Qh8+ 1/2-1/2

[Event "Frankfurt Ch 2010"]
[Site "Ffm-Kalbach, LAZ"]
[Date "2010.05.31"]
[Round "5.51"]
[White "Cors, Heinz-Friedrich"]
[Black "Frank, Dieter"]
[Result "1-0"]
[WhiteElo "1959"]
[BlackElo "1453"]
[PlyCount "83"]
[EventDate "2010.??.??"]
[SourceDate "2009.03.13"]
[WhiteTeam "SV Schachf.Darmstadt 1994"]
[BlackTeam "SK Eberstadt 1924"]

1. e4 d5 2. exd5 Qxd5 3. Nc3 Qa5 4. d4 c6 5. Nf3 Bg4 6. Bc4 e6 7. Bd2 Qc7 8. h3
Bxf3 9. Qxf3 Nf6 10. O-O Nbd7 11. Rfe1 O-O-O 12. Rad1 Nb6 13. Bf4 Bd6 14. Bxd6
Rxd6 15. Bb3 Rhd8 16. Ne4 Rxd4 17. Rxd4 Rxd4 18. Nxf6 Rf4 19. Ne8 Rxf3 20. Nxc7
Rxb3 21. axb3 Kxc7 22. Rd1 Nc8 23. f4 Nd6 24. Kf2 h5 25. Kf3 g6 26. g4 h4 27.
b4 a6 28. b3 f6 29. c4 Nf7 30. Ke4 Nd6+ 31. Kd4 Nf7 32. Re1 Kd6 33. Rf1 g5 34.
fxg5 e5+ 35. Ke3 Nxg5 36. Rxf6+ Ke7 37. Rf5 Nxh3 38. Rxe5+ Kf6 39. Rh5 Ng5 40.
Rxh4 Nf7 41. Kf4 b6 42. Rh7 1-0

[Event "Frankfurt Ch 2010"]
[Site "Ffm-Kalbach, LAZ"]
[Date "2010.05.31"]
[Round "5.52"]
[White "Schellen, Sven"]
[Black "Djakow, Alexander"]
[Result "0-1"]
[WhiteElo "1633"]
[BlackElo "1833"]
[PlyCount "64"]
[EventDate "2010.??.??"]
[SourceDate "2009.03.13"]
[WhiteTeam "Sfr. Frankfurt 1921"]
[BlackTeam "SC Bad Nauheim"]

1. d4 d5 2. Bf4 Nf6 3. e3 Bf5 4. Be2 e6 5. h3 Bd6 6. Bxd6 Qxd6 7. c3 Nbd7 8.
Nd2 c5 9. Ngf3 h6 10. Qb3 O-O 11. Qa3 Qc7 12. b3 Rfe8 13. dxc5 Nxc5 14. Ne5
Nfe4 15. Nef3 Nxd2 16. Nxd2 Nd3+ 17. Bxd3 Bxd3 18. Rc1 Qb6 19. c4 d4 20. c5 Qd8
21. Qb4 dxe3 22. fxe3 Qd5 23. Nf3 Rad8 24. Kf2 e5 25. Rhd1 e4 26. Nd4 Qg5 27.
Qxb7 Rxd4 28. exd4 e3+ 29. Kf3 Qf5+ 30. Kg3 Be4 31. Qc7 Qf2+ 32. Kg4 Kh7 0-1

[Event "Frankfurt Ch 2010"]
[Site "Ffm-Kalbach, LAZ"]
[Date "2010.05.31"]
[Round "5.53"]
[White "Steiz, Johann"]
[Black "Ottenburg, Ralph"]
[Result "1-0"]
[WhiteElo "1593"]
[BlackElo "1920"]
[PlyCount "73"]
[EventDate "2010.??.??"]
[SourceDate "2009.03.13"]
[WhiteTeam "ESV Grossenbaum 1973"]
[BlackTeam "Sfr. Frankfurt 1921"]

1. e4 e5 2. Nf3 Nc6 3. Bc4 Bc5 4. c3 Nf6 5. d3 h6 6. h3 O-O 7. O-O d5 8. exd5
Nxd5 9. b4 Bb6 10. a4 a6 11. Qb3 Nf4 12. Bxf4 exf4 13. Nbd2 Bf5 14. a5 Ba7 15.
Ne4 Bxe4 16. dxe4 Qf6 17. Rad1 Rae8 18. Rfe1 Ne5 19. Nxe5 Rxe5 20. Qc2 f3 21.
g3 Rh5 22. Kh2 Qg6 23. Bf1 Re8 24. c4 c6 25. c5 Ree5 26. Rd8+ Kh7 27. Ra8 Qg4
28. Qd3 Qe6 29. Rxa7 Qc8 30. Qxf3 Qb8 31. Qxf7 Qxa7 32. f4 Qb8 33. fxe5 Qxe5
34. Re2 Rg5 35. Qf4 Qc3 36. e5 Qd3 37. Qe4+ 1-0